000 01104nas a2200337 4500
001 BR2015004270
003 BR-BrBNA
005 20231205125550.0
007 ta
008 230509b bl.|||p| |||| 00| 00por d
040 _aBR-BrBNA
_bpor
_cBiblioteca Nacional de Agricultura
041 _a(Pt)
072 _aF60
100 1 _aBoehringer, D.
100 1 _aZolnier, S.
100 1 _aRibeiro, A.
100 1 _aSteidle Neto, A.J.
245 1 _aDeterminação do fluxo de seiva na cana-de-açúcar pelo método do balanço de energia caulinar
246 1 _aSugarcane sap flow determination by the energy balance method
650 _aCANA DE ACUCAR
650 _aFISIOLOGIA VEGETAL
650 _aTRANSPIRACAO VEGETAL
650 _aSACCHARUM OFFICINARUM
650 _aRELACAO AGUA-PLANTA
650 _aRELACAO SOLO-AGUA
650 _aIRRIGACAO
773 0 _tEngenharia Agrícola (Brazil)
_xISSN 1809-4430
_g(Mar-Apr 2013), v. 33(2) p. 237-248
_wBR2015004270
856 4 0 _uhttp://www.scielo.br/pdf/eagri/v33n2/03.pdf
909 _a202311
_bLúcia
_c55
_dLúcia Elande
942 _2AGRIS
_n0
_cANA
999 _c244950
_d244950